000 00476nam a2200157Ia 4500
008 230917s9999||||xx |||||||||||||| ||und||
020 _cRS295
040 _e17361
_aMAIN
041 _aEnglish
082 _a333.912 V587W
100 _aVerghese, B G
245 0 _aWaters of hope: Intergrated resource development and regional cooperation within the Himalayan-Grand-Brahmaputra-Barak Basin
260 _aNew Delhi
_bOxford & IBH
_c1990
300 _axvi, 446 p.
942 _cBK
999 _c67902
_d67902